Key to Phonetic Symbols (Record no. 153371)
[ view plain ]
| 000 -LEADER | |
|---|---|
| fixed length control field | 00265nam a2200109Ia 4500 |
| 008 - FIXED-LENGTH DATA ELEMENTS--GENERAL INFORMATION | |
| fixed length control field | 230411s9999 xx 000 0 und d |
| 041 ## - LANGUAGE CODE | |
| Language code of text/sound track or separate title | eng |
| 082 ## - DEWEY DECIMAL CLASSIFICATION NUMBER | |
| Classification number | EN/420/PAR/B02145 |
| 100 ## - MAIN ENTRY--PERSONAL NAME | |
| Personal name | Parkinson |
| 9 (RLIN) | 144850 |
| 245 ## - TITLE STATEMENT | |
| Title | Key to Phonetic Symbols |
| Withdrawn status | Lost status | Damaged status | Not for loan | Collection code | Home library | Current library | Date acquired | Vendor | Total Checkouts | Full call number | Barcode | Date last seen | Bill Date | Koha item type | Original Barcode |
|---|---|---|---|---|---|---|---|---|---|---|---|---|---|---|---|
| Smt. Bakul Tambat Institute of Nursing Education | Smt. Bakul Tambat Institute of Nursing Education | 20/01/2005 | XEROX COPY. | EN 420 PAR B02145 | BTIN-BK-2145 | 11/04/2023 | 20/01/2005 | Books | B02145 |